Szczegóły MARC21

Repetytorium ze statystyki /

003 -Nazwa inst., której nr kontr. jest w polu 001 [,]
    • @
    • Nazwa instytucji, której n kontrolny jest w polu 001
    • NUKAT
005 -DATA I CZAS OSTATNIEJ MODYFIKACJI [,]
    • @
    • pole kontrolne
    • 20260411172033.0
020 -Międzynarod. znormalizowany nr książki - ISBN [ , ]
    • a
    • Numer ISBN
    • 8301145889 Find
020 -Międzynarod. znormalizowany nr książki - ISBN [ , ]
    • a
    • Numer ISBN
    • 9788301145880 Find
040 -Instytucja sporządzająca opis [ , ]
    • a
    • Instytucja, która sporządziła opis (NP)
    • WA N/PBza
    • c
    • Instytucja, która sporządziła rekord (NP)
    • WA N/PBza
    • d
    • Instytucja, która zmodyfikowała rekord (P)
    • WA N/PBan
    • d
    • Instytucja, która zmodyfikowała rekord (P)
    • WA N/PBabs
    • d
    • Instytucja, która zmodyfikowała rekord (P)
    • WR U/DFs
942 -Rodzaj dokumentu [ , ]
    • c
    • Rodzaj dokumentu
    • Książka
100 -Hasło główne - nazwa osobowa [1, ]
    • a
    • Nazwa osobowa (NP)
    • Piłatowska, Mariola
    • d
    • Daty biograficzne (NP)
    • (1963- ).
    • 9
    • KHW
    • 52847
245 -Strefa tytułu i oznaczenia odpowiedzialności [1,0]
    • a
    • Tytuł
    • Repetytorium ze statystyki / Find
    • c
    • Pozostałe elementy strefy tytułu i oznaczenia odpowiedzialności (NP)
    • Mariola Piłatowska.
260 -Strefa adresu wydawniczego [ , ]
    • a
    • Miejsce wydania (P)
    • Warszawa :
    • b
    • Nazwa wydawcy (P)
    • Wydawnictwo Naukowe PWN,
    • c
    • Data wydania (P)
    • 2006.
300 -Strefa opisu fizycznego [ , ]
    • a
    • Określenie formy książki i/lub objętość (NP)
    • 162, [2] s., [8] s. tabl. kolor. :
    • b
    • Oznaczenie ilustracji (NP)
    • il. ;
    • c
    • Format (NP)
    • 24 cm.
336 -Typ zawartości [ , ]
    • a
    • Termin opisujący typ zawartości
    • Tekst
    • b
    • Kod określający zawartość
    • txt
    • 2
    • Źródło (terminu i kodu)
    • rdacontent
337 -Typ mediów [ , ]
    • a
    • Tryb odtwarzania
    • Bez urządzenia pośredniczącego
    • b
    • Kod typu mediów
    • n
    • 2
    • Źródło (terminu i kodu)
    • rdamedia
338 -Typ/rodzaj nośnika [ , ]
    • a
    • Hasło opisujące typ nośnika
    • Wolumin
    • b
    • Kod typu nośnika
    • nc
    • 2
    • Źródło (terminu i kodu)
    • rdacarrier
380 -Deskryptor - Forma dzieła (P) [ , ]
    • a
    • forma dzieła (NP)
    • Książki
380 -Deskryptor - Forma dzieła (P) [ , ]
    • a
    • forma dzieła (NP)
    • Publikacje dydaktyczne
385 -Deskryptor - grupa odbiorców (P) [ , ]
    • m
    • wyrażenie wprowadzające (NP)
    • Poziom nauczania
    • a
    • termin określający odbiorcę (P)
    • Szkoły wyższe
504 -Uwaga dot. bibliogr. załącznikowej [ , ]
    • a
    • Uwaga dot. bibliografii załącznikowej
    • Bibliogr. s. 157-158. Indeks.
521 -Uwaga dot. przeznaczenia czytelniczego [8, ]
    • a
    • Uwaga dot. przeznaczenia czytelniczego
    • Dla studentów kierunków: ekonomia, zarządzanie i marketing, finanse i bankowość, informatyka i ekonometria, stosunki międzynarodowe, handel zagraniczny oraz dla kierunków nieekonomicznych do przedmiotu Statystyka.
080 -Uniwersalna Klasyfikacja Dziesiętna [ , ]
    • 2
    • Identyfikator wydania tablic
    • UDC-P022
    • a
    • Symbol klasyfikacji
    • 311
    • b
    • Dopowiedzenie
    • Statystyka jako nauka. Teoria statystyki. Metody statystyczne.
    • x
    • Poddział wspólny
    • (075.8)
    • b
    • Dopowiedzenie
    • (Podręczniki dla szkół wyższych. Skrypty).
650 -Hasło przedmiotowe [ ,7]
    • a
    • Hasło przedmiotowe
    • Statystyka
    • 2
    • Źródło terminu
    • DBN
    • 9
    • KHW
    • 722730
650 -Hasło przedmiotowe [ ,7]
    • a
    • Hasło przedmiotowe
    • Statystyka matematyczna
    • 2
    • Źródło terminu
    • DBN
    • 9
    • KHW
    • 723291
650 -Hasło przedmiotowe [ ,7]
    • a
    • Hasło przedmiotowe
    • Statystyka
    • v
    • Określnik formalny
    • podręczniki akademickie.
    • 2
    • Źródło terminu
    • kaba
    • 9
    • KHW
    • 350888
655 -Hasło w funkcji tematu formalnego [ ,7]
    • a
    • Hasło
    • Materiały pomocnicze
    • 2
    • Źródło terminu
    • DBN
    • 9
    • KHW
    • 722015
658 -Ujęcie treści [ , ]
    • a
    • dziedzina nauki i sztuki/ sfera aktywności życiowej
    • Matematyka
980 -Symbol UKD [ , ]
    • a
    • UKD
    • 311(075.8)
710 -Hasło dodatkowe - nazwa ciała zbiorowego [2, ]
    • a
    • Nazwa ciała zbiorowego lub nazwa geograficzna jako pierwszy element (NP)
    • Wydawnictwo Naukowe PWN.
    • 4
    • Kod relacji
    • pbl
    • 9
    • KHW
    • 52648
920 -ISBN [ , ]
    • a
    • ISBN
    • 83-01-14588-9 Find
920 -ISBN [ , ]
    • a
    • ISBN
    • 978-83-01-14588-0 Find
Status udost. Numer inwentarzowy Lokalizacja Data inwentaryzacji
-2T.9261T2006-11-09